01002 a2200205 4500003000500000005001700005010001600022020001700038040000900055082001500064100002300079245009400102260005300196300003400249490005000283505039800333650001400731650002400745700002700769Nust20221119130034.0 a 79018067 a0131118560 : cNust00a515.15,CLA1 aClar, Lawrence M.,10aCalculus with analytic geometry for the technologies / cLawrence M. Clar, James A. Hart. aEnglewood Cliffs, N.J. :bPrentice-Hall,cc1980. axii, 352 p. :bill. ;c24 cm.0 aPrentice-Hall series in technical mathematics aPlane Analytic Geometry (Page-1), Parametric Equations and Polar Coordinates (Page-47), Progressions (Page-62), Limits (Page-74), Introductions to the Derivatives (Page-92), Derivatives of the Transcendental Functions (Page-113), Applications of Derivatives (Page-150), Introductions to Integrations (Page-191), Applications of Integration (Page-215), Techniques of Integrations (Page-244).  0aCalculus. 0aGeometry, Analytic.1 aHart, James A.,d1933-